Movies Quiz

Random Movies or Role Quiz
Score 0/20 Timer 03:00
1 Play Today
% Correct
Jedi Knight
89.5%
Knight of the Round Table
78.4%
King of the Gods
77.5%
Gang Leader
74.5%
Ex-CIA Operative
73.8%
Industrialist
68.2%
US Navy Admiral
66%
Wolf Hunter
65.6%
US Special Forces Colonel
63.1%
League of Shadows Member
62.8%
% Correct
Irish Revolutionary
61.5%
Sexologist
56.3%
Crusader
54.4%
Scottish Clan Chief
53.7%
Soviet Submariner
53.2%
Air Marshal
48%
Mayor|Industrialist
47.1%
British Navy Seaman
46.6%
Assassin
39.7%
Ex-NYPD Officer
37.5%
Remove Ads.
Support Sporcle.
Get the best of Sporcle when you Go Orange. This ad-free experience offers more features, more stats, and more fun while also helping to support Sporcle. Thank you for becoming a member.

You're not logged in!

Compare scores with friends on all Sporcle quizzes.
OR
Log In

Show Comments

Extras

Top Quizzes Today


Score Distribution

Your Account Isn't Verified!

In order to create a playlist on Sporcle, you need to verify the email address you used during registration. Go to your Sporcle Settings to finish the process.

Report this User

Report this user for behavior that violates our Community Guidelines.

Details: